K otázce důsledků regionálního integračního seskupení

Podrobná bibliografia
Hlavný autor: Tíkal, Svatopluk (Autor)
Médium: Článok
Jazyk:čeština

MARC

LEADER 00000nab a2200000ua 4500
001 vtls010815162
003 SK-MaSNL
005 20260303131944.0
008 230218s1967 xo |||||||||||||||||cze|
035 |a (urnnbn)urn:nbn:sk:snk:ar-a052kt 
035 |a urn:nbn:sk:snk-ab5ju1 
035 |a (uuid)f6124403-684f-4faf-9526-bbbf34f5d934 
040 |a SNKBUCL  |b slo  |c SNKBUCL  |e AACR2 
041 0 |a cze 
044 |a xo  |c SK 
100 1 |a Tíkal, Svatopluk  |4 aut  |9 1149222 
245 1 0 |a K otázce důsledků regionálního integračního seskupení  |c Svatopluk Tíkal 
773 0 |t Ekonomický časopis : časopis pre ekonomickú teóriu, hospodársku politiku, spoločensko-ekonomické prognózovanie  |g Roč. 15, č. 1 (1967), s. [21]-39 
954 |a odborná, vedecká literatúra cudzojazyčná (svetová)  |2 lita 
958 |a OND 
958 |a EUIPO 
958 |a article5 
999 |c 1948157  |d 1950087